000 00777nam a2200205 a 4500
003 0
005 20250328085144.0
008 071126s19uu xx 00 eng d
050 _aPHS BF 697.5.B63
_b.R997 2007
100 _aRyu, Yeoi Bom K.
245 _aKorean and Filipino students' view on ideal beauty and cosmetic surgery /
_cYeoi Bom K. Ryu.
260 _aLas PiƱas City, Philippines :
_bSouthville International School and Colleges,
_c2007.
300 _a100 pages :
_billustrations ;
_c28 cm.
504 _aIncludes bibliographical references.
650 _aBody image in adolescence.
650 _aSelf-perception
_xCross-cultural studies.
650 _aCosmetic surgery
_xPsychological aspects.
650 _aPlastic surgery
_xPublic opinion.
942 _2lcc
_cPASS
999 _c97879
_d97879